|
|
|
|
| LEADER |
00000cam a2200000 a 4500 |
| 001 |
vtls001457688 |
| 003 |
SK-MaSNL |
| 005 |
20260302002400.0 |
| 008 |
240226s2003 xo grf 000 0 slo |
| 015 |
|
|
|a SNBI2003/03-01685
|
| 020 |
|
|
|q (brožované)
|
| 035 |
|
|
|a SNK000412995
|
| 035 |
|
|
|a urn:nbn:sk:snk-am3j1cg
|
| 035 |
|
|
|a AEE0CEFF-1978-4BA8-9900-A8E341898EF9
|
| 035 |
|
|
|a urn:nbn:sk:snk-am00gfa4
|
| 040 |
|
|
|a SNK
|b slo
|c SNK
|e AACR2
|
| 041 |
0 |
|
|a slo
|
| 043 |
|
|
|a e-xo---
|
| 044 |
|
|
|a xo
|c SK
|
| 072 |
|
7 |
|a 328
|x Zastupiteľské orgány. Vlády. Politické systémy jednotlivých krajín
|2 konspekt
|
| 080 |
|
|
|a 324:342.53
|2 2011
|
| 080 |
|
|
|a (437.6)
|2 2011
|
| 080 |
|
|
|a (047)
|2 2011
|
| 080 |
|
|
|a (035)
|2 2011
|
| 080 |
|
|
|a 328.1
|2 2011
|
| 080 |
|
|
|a 328/329
|2 2011
|
| 110 |
1 |
|
|a Slovensko.
|b Národná rada
|n (60 :
|d 2002 :
|c Bratislava, Slovensko)
|4 aut
|9 528865
|
| 245 |
1 |
0 |
|a Správa o 60. schôdzi Národnej rady Slovenskej republiky
|b II. volebné obdobie : 1. rokovací deň - 14. mája 2002 : 2. rokovací deň - 15. mája 2002
|n I. časť
|
| 250 |
|
|
|a [1. vydanie]
|
| 260 |
|
|
|a Bratislava
|b Organizačný odbor Kancelárie Národnej rady SR
|c 2003
|
| 300 |
|
|
|a Strana 3-204
|c 21 cm
|
| 366 |
|
|
|e 139 kusov
|
| 500 |
|
|
|a Názov z obálky
|
| 650 |
0 |
7 |
|a parlamentné voľby
|2 SNKPH
|9 1623
|
| 650 |
0 |
7 |
|a zákonodarné orgány
|2 SNKPH
|9 3645
|
| 651 |
|
7 |
|a Slovensko
|2 SNKPHgeo
|
| 655 |
|
7 |
|a uznesenia
|2 SNKPH
|9 70216
|
| 655 |
|
7 |
|a príručky
|2 SNKPH
|9 74364
|
| 655 |
|
7 |
|a správy
|2 SNKPH
|9 70563
|
| 958 |
|
|
|a OND
|
| 999 |
|
|
|c 987821
|d 989751
|
| 952 |
|
|
|a SNK
|b SNK
|y PREZ
|7 0
|p 17A0392553
|o snkSC 112473
|i snkKSP 9506/2003
|0 0
|1 0
|4 0
|d 2003-07-31
|f 1
|l 0
|r 2025-10-02 00:00:00
|w 2026-02-24
|
| 952 |
|
|
|a SNK
|b SNK
|y VYP
|7 0
|p 17A0393145
|o snkSC 112473 D1
|i snkKSP 9923/2003
|0 0
|1 0
|4 0
|d 2003-08-11
|l 0
|r 2005-01-02 00:00:00
|w 2026-02-24
|